• 首页
  • 本馆介绍
  • 公告通知
  • 最新文献
  • 馆藏检索
  • 电子资源
  • 读者导购
  • 参考咨询
  • 我的图书馆
  • 登录
  • 详细信息显示
  • 放入我的书架
  • 预约/预借图书
  • 作者相关作品
  • 分类相关作品
  • 丛书相关作品
  • 出版社相关作品

书目信息

  • 表格格式
  • 工作单格式
  • 卡片格式
题名:
国外自然科学资料
    
 
作者: 普雷斯 著
分册:  
出版信息: 上海   上海科学技术出版社  1978
页数: 155页
开本: 20cm
丛书名:
单 册:
中图分类: P315.7
科图分类:
主题词: 地震观测 , 地震预报
电子资源:
ISBN:
000 00712nam0 2200253 45
001 0178001079
005 20041230150533.9
010    @dCNY0.50
091    @a13119.722
100    @a19950725d1978 em y0chiy0121 ea
101 0  @achi
102    @aCN@b310000
105    @ay z 000yy
200 10 @a国外自然科学资料@Aguo wai zi ran ke xue zi liao@e地震、气候、控制论@fF·普雷斯等著@FF·Pu Lei Si Deng Zhu
210    @a上海@c上海科学技术出版社@d1978
215    @a155页@d20cm
300    @a国内发行
517 1  @a地震气候控制论@Adi zhen qi hou kong zhi lun
606 0  @a地震观测
606 0  @a地震预报
690    @aP315.7@v3
701  0 @a普雷斯@4著
801  0 @aCN@bNLC@c20041230
905    @f1@b5510@dP315.7@e2
    
    国外自然科学资料:地震、气候、控制论/F·普雷斯等著.-上海:上海科学技术出版社,1978
    155页;20cm
    国内发行
    
    ISBN :CNY0.50
    
●
相关链接 在E读中查询图书 在五车中查询图书 在当当中查询图书 在豆瓣中查询图书


正题名:国外自然科学资料     索取号:P315.7/2         预约/预借

序号 登录号 条形码 馆藏地/架位号 状态 备注
1 0005509   000626040   第二样本阅览室/ [索取号:P315.7/2] 在馆    
2 0005510   000626059   第三借阅区/ [索取号:P315.7/2] 在馆    
唐山师范学院图书馆 欢迎您!
大连网信软件有限公司© 版权所有